| 000 | 00486nam a22001937a 4500 | ||
|---|---|---|---|
| 003 | CEME | ||
| 005 | 20210628203728.0 | ||
| 008 | 210126b xxu||||| |||| 00| 0 eng d | ||
| 020 | _a0-631-23614-7 | ||
| 040 | _c. | ||
| 082 | _a658.562 MAN | ||
| 100 |
_aDale, Barrie G _967052 |
||
| 245 | _aManaging quality | ||
| 250 | _a4TH | ||
| 260 |
_aNEW YORK _bBLACKWELL _c2003 |
||
| 300 | _aXXII,519P | ||
| 650 |
_aENGINEERING MANGEMENT, TOTAL QUALITY MANAGEMENT _967053 |
||
| 942 |
_cBK _2ddc |
||
| 999 |
_c574907 _d574907 |
||